000 00183nam a2200073Ia 4500
008 180219s9999 xx 000 0 und d
100 _aRuhela S P
245 0 _aFuturology Of Education
260 _aMeerut International
999 _c41161
_d41161